Les nationalités de tout les champions à l'UFC - Statistiques

Statistiques générales
  • Ce quiz a été pris 407 fois
    18 depuis la dernière actualisation
  • Le résultat moyen est 45 sur 56
Statistiques - réponses
Catégorie Nationalité % Correct
Poids Pailles F Brésil
100%
Poids Coqs F Brésil
100%
Poids Plumes F Brésil
100%
Poids Mouches Brésil
100%
Poids Coqs Brésil
100%
Poids Plumes Brésil
100%
Poids Légers Brésil
100%
Poids Moyens Brésil
100%
Poids Mi-lourds Brésil
100%
Poids Lourds Brésil
100%
Poids Pailles F États-Unis
100%
Poids Mouches F États-Unis
100%
Poids Coqs F États-Unis
100%
Poids Mouches États-Unis
100%
Poids Coqs États-Unis
100%
Poids Plumes États-Unis
100%
Poids Légers États-Unis
100%
Poids Mi-moyens États-Unis
100%
Poids Moyens États-Unis
100%
Poids Mi-lourds États-Unis
100%
Poids Lourds États-Unis
100%
Poids Coqs Russie
100%
Poids Légers Russie
100%
Poids Mi-moyens Russie
100%
Poids Plumes Espagne
93%
Poids Lourds France
93%
Poids Mouches F Mexique
93%
Poids Mouches Mexique
93%
Poids Plumes Mexique
93%
Poids Coqs Géorgie
86%
Poids Plumes Australie
79%
Poids Mi-moyens Australie
79%
Poids Moyens Australie
79%
Poids Mi-moyens Canada
79%
Poids Moyens Canada
79%
Poids Pailles F Chine
79%
Poids Mi-moyens Angleterre
71%
Poids Moyens Angleterre
71%
Poids Lourds Angleterre
71%
Poids Lourds Cameroun
71%
Poids Mi-moyens Nigeria
71%
Poids Moyens Nigeria
71%
Poids Moyens Afrique du Sud
64%
Poids Pailles F Pologne
64%
Poids Mi-lourds Pologne
64%
Poids Plumes Irlande
50%
Poids Légers Irlande
50%
Poids Mi-lourds Nouvelle-Zélande
50%
Poids Moyens Émirats Arabes Unis
43%
Poids Plumes F Pays-Bas
43%
Poids Lourds Pays-Bas
43%
Poids Mi-lourds République Tchèque
43%
Poids Mouches Birmanie
36%
Poids Lourds Biélorussie
29%
Poids Mi-moyens Palestine
21%
Poids Mouches F Kirghizistan
14%
Aucun quiz correspondant
Distribution des résultats
% des personnes avec chaque résultat
Percentile par nombre de réponses
Votre historique - résultats
Vous n’avez pas pris ce quiz depuis la dernière actualisation